00380nam a2200145Ia 4500008004100000020001500041041001200056082001600068100001600084245005500100260003900155300000800194650001600202700001600218221030s9999 xx 000 0 und d a0071204113 aEnglish a105.23bHam aC. Hamacher 0aComputer Organisationcby C. Hamacher, Z. Vranesic bMcGraw Hill Pub.aNew Delhic2001 a860 aBE Computer aZ. Vranesic